000 00569cam a2200193ua 4500
001 4243
005 20260515113815.0
008 111221n ii |||gr||||Z||||||asm
040 _cMAIN
082 _a891.4511
100 1 _aBhattacharyya, Dineswar,
245 1 1 _aAsamiya kavya sahitya aru jatia jivanat pragatibadi chinta (Vol 2)
_cby Dineswar Bhattacharyya
250 _a1st.
260 _aGuwahati:
_bRajoowala Devi,985.
300 _a250p:
_c23cm.
653 _aAssamese poem
653 _aAsamiya kavya sahitya aru jatia jivanat pragatibadi chinta
942 _cBK
999 _c4060
_d4060